Animal biotechnology / (Record no. 14206)

MARC details
000 -LEADER
fixed length control field 00839nam a22002417a 4500
003 - CONTROL NUMBER IDENTIFIER
control field dpl
005 - DATE AND TIME OF LATEST TRANSACTION
control field 20080703150816.0
006 - FIXED-LENGTH DATA ELEMENTS--ADDITIONAL MATERIAL CHARACTERISTICS--GENERAL INFORMATION
fixed length control field a|||||r|||||00| 0
008 - FIXED-LENGTH DATA ELEMENTS--GENERAL INFORMATION
fixed length control field 080703t xxu||||| |||| 00| 0 eng d
010 ## - LIBRARY OF CONGRESS CONTROL NUMBER
LC control number ENG-90443
020 ## - INTERNATIONAL STANDARD BOOK NUMBER
International Standard Book Number 8180940268
Terms of availability 260.00
035 ## - SYSTEM CONTROL NUMBER
System control number EN-73976
037 ## - SOURCE OF ACQUISITION
Source of stock number/acquisition DBAD / PUB
040 ## - CATALOGING SOURCE
Original cataloging agency DPL
Language of cataloging EN
Transcribing agency DPL
082 ## - DEWEY DECIMAL CLASSIFICATION NUMBER
Classification number 660.65
100 ## - MAIN ENTRY--PERSONAL NAME
Personal name Sasidhara, R.
245 ## - TITLE STATEMENT
Title Animal biotechnology /
Statement of responsibility, etc by R. Sasidhara
260 ## - PUBLICATION, DISTRIBUTION, ETC. (IMPRINT)
Place of publication, distribution, etc Chennai
Name of publisher, distributor, etc MJP Publishers
Date of publication, distribution, etc 2006
300 ## - PHYSICAL DESCRIPTION
Extent xxii, 506p.
Dimensions 21cm. (pbk)
500 ## - GENERAL NOTE
General note Includes glossary, appendices, references, list of abbreviations
942 ## - ADDED ENTRY ELEMENTS (KOHA)
Source of classification or shelving scheme Dewey Decimal Classification
Koha item type English Books
Classification part 660.65
Call number suffix SAS
Holdings
Withdrawn status Lost status Source of classification or shelving scheme Damaged status Not for loan Collection code Home library Current library Date acquired Source of acquisition Cost, normal purchase price Total Checkouts Full call number Barcode Date last seen Copy number Cost, replacement price Price effective from Koha item type
    Dewey Decimal Classification   Not For Loan Non-fiction D.B.Act.Division D.B.Act.Division 03/07/2008 DBAD / PUB 260.00   660.65 SAS EN-73976 15/09/2008 1 260.00 15/09/2008 English Books

© Delhi Public Library
Hit Counter
free hit counter